| 000 | 01076nam a22002897a 4500 | ||
|---|---|---|---|
| 005 | 20100917103042.0 | ||
| 007 | sd ammalaaahaa | ||
| 008 | 100917t xxu||||| |||| 00| 0 hin d | ||
| 028 |
_aEALP. 5490 _bHis Master's Voice |
||
| 035 | _aGR-03231 | ||
| 040 | _aSED/VEN | ||
| 100 |
_91184 _aMukesh |
||
| 245 |
_aMadhumati / _h[sound recording] : _cby Mukesh ; music by salil Chowdhury ; lyrics by Shailendra |
||
| 246 | _aमधुमती (मुकेश ) | ||
| 260 |
_aDum Dum India _bHis Master's Voice _c1976 |
||
| 300 |
_a1 sound disc [sound recording] : _banalog, 331/3 rpm _c12 in. (LP) _fGramophone Record |
||
| 500 | _aBrief Record | ||
| 500 | _aHis Master's Voice | ||
| 500 | _aOrange | ||
| 505 | _aSuhana safar part 1 (Madhumati) (Mukesh) Aaja re perdesi (Madhumati) (Latamangeshkar) | ||
| 650 |
_aClassical Music _xExcerpts _zIndia _920437 _vFilmi Song |
||
| 700 |
_920438 _aChowdhury, Salil |
||
| 700 |
_920439 _aShailendra |
||
| 700 | _920440 | ||
| 942 |
_2ddc _cGR |
||
| 999 |
_c46573 _d46573 |
||